| 000 | 00584cam a2200181 a 4500 | ||
|---|---|---|---|
| 001 | 000018924 | ||
| 005 | 20240226144327.0 | ||
| 008 | 810223s1969 sp a 000 p spa d | ||
| 040 |
_aDO-SdBNP _bspa _cBNPHU |
||
| 082 |
_a861.62 _bD542a |
||
| 100 | 1 |
_aDíaz-Plaja, Guillermo, _d1909-1984 _916967 |
|
| 245 | 1 | 0 |
_aAmerica vibra en mi / _cGuillermo Diaz-Plaja. |
| 260 |
_aMadrid : _bCultura Hispánica, _c1969. |
||
| 300 |
_a67 p. : _bill. ; _c20 cm. |
||
| 490 | 1 |
_aLa poesía de España y América _v45 |
|
| 650 | 4 |
_aPoesía española _9631 |
|
| 650 | 4 |
_aLiteratura española _ySIGLO XX _93326 |
|
| 999 |
_c18442 _d18442 |
||